01018cam a2200253 a 4500001001000000003000900010005001700019008004100036010001500077020001500092040001800107082001900125100003800144100003800182245013900220260007500359300002100434440004300455504007100498504004200569650004600611650006200657650004500719000002856DO-SdBNP20250122105004.0040304s2002 pr 001 0 spa  a2004430606 a188171571X aDO-SdBNPcDLC a808.068bL951n1 a Lugo Ramírez, Doris E. d1965-1 a Lugo Ramírez, Doris E. d1965-13aEl narratario infantil en cuentos de José Martí, Horacio Quiroga, Camilo José Cela y Rosario Ferré /cDoris E. Lugo Ramírez. aPuerto Rico :bFundación Puertorriqueña de las Humanidades,c2002. a111 p. ;c24 cm. 0aColección Dr. Arturo Morales Carrion aIncluye referencias bibliograficas y notas al pie de las páginas aIncluye bibliografía: (p. 107-111). 4aLiteratura infantilxHistoria y crítica 4aLiteratura infantil latinoamericanaxHistoria y crítica 4aCuentos infantilesxHistoria y crítica